00418nam a2200133Ia 450000500170000000800410001702000180005808200130007610000200008924500780010926000240018730000160021150000570022720250422010337.0240331s9999 xx 000 0 und d a9789559261582 bTHIa200 aThiruchandran,S 0aIlangayil Hindu Samayathil Nilavum Aan thalamaiththuva Sindanai Pokkugal  aColombobWERCc2011 aXi, 54 p ., aIllangaiyil, indu samayathil nilavum aanthamaithuva